Condensation in buildings (Record no. 79731)

MARC details
000 -LEADER
fixed length control field 00699nam a2200157 a 4500
008 - FIXED-LENGTH DATA ELEMENTS--GENERAL INFORMATION
fixed length control field 120416s1972 ||||||||||||||||| || u
050 ## - LIBRARY OF CONGRESS CALL NUMBER
Classification number TH 9031 Con
100 ## - MAIN ENTRY--PERSONAL NAME
Personal name Sherratt, A. F. C
245 10 - TITLE STATEMENT
Title Condensation in buildings
Statement of responsibility, etc. edited by Derek J. Croome
260 ## - PUBLICATION, DISTRIBUTION, ETC.
Place of publication, distribution, etc. London
Name of publisher, distributor, etc. Applied Science Publishers
Date of publication, distribution, etc. 1972
300 ## - PHYSICAL DESCRIPTION
Extent x, 271p. : ill.
350 ## -
-- 0.00
700 ## - ADDED ENTRY--PERSONAL NAME
Personal name Croome, Derek J
995 ## -
-- MAIN LIBRARY OPEN ACCESS
-- 0.00
-- 718385
-- CBU-MAIN LIBRARY (Kitwe)
-- 1
-- 1.50
-- TH 9031 Cas
-- AVAILABLE
-- 017123
-- Main Library Open Access Collection
995 ## -
-- MAIN LIBRARY OPEN ACCESS
-- 0.00
-- 715713
-- CBU-MAIN LIBRARY (Kitwe)
-- 2
-- 0.00
-- TH 9031 Con
-- AVAILABLE
-- 017122
-- Main Library Open Access Collection
999 ## -
-- 79731
-- 79731
Holdings
Withdrawn status Lost status Source of classification or shelving scheme Damaged status Not for loan Permanent Location Current Location Shelving location Date acquired Total Checkouts Full call number Barcode Date last seen Copy number Price effective from Koha item type
          CBU-MAIN LIBRARY, KITWE. CBU-MAIN LIBRARY, KITWE.   06/29/2023   TH 9031 Con 017123 06/29/2023 1 06/29/2023 MONOGRAPH
          CBU-MAIN LIBRARY, KITWE. CBU-MAIN LIBRARY, KITWE.   06/29/2023   TH 9031 Con 017122 06/29/2023 2 06/29/2023 MONOGRAPH